| 000 | 00529nam a2200193 a 4500 | ||
|---|---|---|---|
| 005 | 20140310183200.0 | ||
| 008 | 021205s19uu xx 00 eng d | ||
| 020 | _a9781582551647 | ||
| 050 |
_aRT 50 _b.C483 2002 |
||
| 245 | _aCharting made incredibly easy! / | ||
| 250 | _a2nd | ||
| 260 |
_aUSA : _bLippincott Williams & Wilkins, _c2002. |
||
| 300 |
_a314 p. : _bill. ; _c27 cm. |
||
| 521 | _aNUR | ||
| 650 | _aNursing records. | ||
| 650 |
_aDocumentation _xnurse's instruction. |
||
| 942 |
_cBK _2lcc _kFOR |
||
| 999 |
_c19858 _d19858 |
||